LEADER 01263nam--2200421---450- 001 990001204290203316 005 20090519160152.0 010 $a84-7884-244-6 035 $a000120429 035 $aUSA01000120429 035 $a(ALEPH)000120429USA01 035 $a000120429 100 $a20031020d2002----km-y0enga50------ba 101 0 $aspa 102 $aES 105 $ay|||z|||001yy 200 1 $aCòdigo penal al alcance de todos$fJosé Luis Segovia 205 $a6. ed. 210 $aMadrid$cEditorial Popular$d2002 215 $a302 p.$d21 cm 225 2 $aAlMargen$v1 410 0$12001$aAlMargen 606 0 $aCodice penale$ySpagna 676 $a345.46002632 700 1$aSEGOVIA,$bJosé Luis$0556080 801 0$aIT$bsalbc$gISBD 912 $a990001204290203316 951 $aXXVI.1.D 45 (IG XI 876)$b38338 G.$cXXVI.1.D 45 (IG XI)$d00092556 959 $aBK 969 $aGIU 979 $aALINA$b10$c20031020$lUSA01$h1136 979 $aPAOLA$b90$c20040205$lUSA01$h1334 979 $aPAOLA$b90$c20040205$lUSA01$h1334 979 $aPAOLA$b90$c20040205$lUSA01$h1340 979 $aPATRY$b90$c20040406$lUSA01$h1726 979 $aRSIAV1$b90$c20090519$lUSA01$h1601 996 $aCòdigo penal al alcance de todos$9986062 997 $aUNISA LEADER 03220nam 22006255 450 001 9910983388503321 005 20250211115226.0 010 $a9783031810725 010 $a3031810724 024 7 $a10.1007/978-3-031-81072-5 035 $a(CKB)37515499200041 035 $a(MiAaPQ)EBC31903261 035 $a(Au-PeEL)EBL31903261 035 $a(OCoLC)1499719813 035 $a(DE-He213)978-3-031-81072-5 035 $a(EXLCZ)9937515499200041 100 $a20250211d2025 u| 0 101 0 $aeng 135 $aur||||||||||| 181 $ctxt$2rdacontent 182 $cc$2rdamedia 183 $acr$2rdacarrier 200 10$aInclusive and Integrated Disaster Risk Reduction /$fedited by Aaron Opdyke, Liberty Pascua de Rivera 205 $a1st ed. 2025. 210 1$aCham :$cSpringer Nature Switzerland :$cImprint: Springer,$d2025. 215 $a1 online resource (775 pages) 225 1 $aSpringer Proceedings in Earth and Environmental Sciences,$x2524-3438 311 08$a9783031810718 311 08$a3031810716 327 $aMeasuring Social Vulnerability to Natural Hazards and Delineation of Natural Risk Zones in Indonesia -- Development of Local Level Storm Surge Hazard Maps for Potential Use in Storm Surge Evacuation and Development Planning -- Tsunami Spatial Vulnerability Index in Aceh Province 2020 using Remote Sensing and Geospatial Big Data -- Tsunami Hazard and Area Vulnerability of Mohammedia City in Morocco Simulation on the Reference Tsunami 1755 -- Monitoring Land Use and Land Cover Changes in Aceh Province-Indonesia for Sustainable Spatial Planning. 330 $aThis book provides an interdisciplinary volume of advances in disaster science that further understanding global progress to reduce disaster risk. As we pass the halfway point on implementing the Sendai Framework for Risk Reduction, the question stands what progress has been made on reducing disaster risk at the global and local scales? The book is thematically grouped around the Sendai Framework?s four priorities, spanning efforts to assess hazards and risk, disaster governance, mechanisms to build resilience, and recovery in the aftermath of crises. This book offers scholars and practitioners a glimpse into the opportunities and challenges at the forefront of disaster risk reduction efforts. 410 0$aSpringer Proceedings in Earth and Environmental Sciences,$x2524-3438 606 $aNatural disasters 606 $aClimatology 606 $aGeotechnical engineering 606 $aNatural Hazards 606 $aClimate Sciences 606 $aGeotechnical Engineering and Applied Earth Sciences 615 0$aNatural disasters. 615 0$aClimatology. 615 0$aGeotechnical engineering. 615 14$aNatural Hazards. 615 24$aClimate Sciences. 615 24$aGeotechnical Engineering and Applied Earth Sciences. 676 $a551 676 $a363.34 700 $aOpdyke$b Aaron$01785511 701 $aPascua de Rivera$b Liberty$01785512 801 0$bMiAaPQ 801 1$bMiAaPQ 801 2$bMiAaPQ 906 $aBOOK 912 $a9910983388503321 996 $aInclusive and Integrated Disaster Risk Reduction$94317025 997 $aUNINA